000 005070000a22001930004500
003 LK-CoMWRAF
005 20231010093744.0
008 230817t1995 ||||| |||| 00| 0 eng d
020 _a0684807122
040 _aLK-CoMWRAF
_dLK-CoMWRAF
_eLK-CoMWRAF
041 _aeng
082 _a956
_bLEW
100 _aLewis, Bernard
245 _aThe Middle East :
_bA brief history of the last 2,000 years
260 _aNew York :
_bScribner,
_c1995
300 _a433p
650 _aMiddle East-History
942 _cBK
999 _c2018
_d2018